|
|
|
|
| LEADER |
00000nam a2200000 a 4500 |
| 001 |
vtls001118626 |
| 003 |
SK-MaSNL |
| 005 |
20260301233309.0 |
| 008 |
250414s1984 xo 0 slo |
| 015 |
|
|
|a SNBA1984/06
|
| 035 |
|
|
|a SNK000061469
|
| 040 |
|
|
|a SNK
|b slo
|c SNK
|e AACR2
|
| 041 |
0 |
|
|a slo
|
| 044 |
|
|
|a xo
|c SK
|
| 080 |
|
|
|a 376.36(075.8)
|2 1981
|
| 100 |
1 |
|
|a Mašura, Silvester,
|d 1914-2000
|4 aut
|9 183618
|
| 245 |
1 |
0 |
|a Logopédia 1
|c Silvester Mašura ; Silvester Mačura
|
| 250 |
|
|
|a 1. vyd.
|
| 260 |
|
|
|a Bratislava
|b Univerzita Komenského
|c 1984
|e Bratislava
|f Polygrafické stredisko UK
|
| 300 |
|
|
|a 175 s.
|c 29 cm
|
| 366 |
|
|
|e 250 výtl.
|
| 490 |
1 |
|
|a Vysokoškolské skriptá
|
| 504 |
|
|
|a Obsahuje bibliografiu
|
| 650 |
0 |
7 |
|a logopédia
|2 SNKPH
|9 921
|
| 655 |
|
7 |
|a učebnice vysokých škôl
|2 SNKPH
|9 70191
|
| 655 |
|
7 |
|a Textbooks (higher)
|2 SNKPHeng
|9 276436
|
| 700 |
1 |
|
|a Mačura, Silvester
|4 aut
|9 627774
|
| 830 |
|
0 |
|a Vysokoškolské skriptá
|9 276440
|
| 852 |
|
|
|a Slovenská národná knižnica
|
| 954 |
|
|
|a odborná, vedecká literatúra pôvodná (slovenská)
|2 lita
|
| 954 |
|
|
|a logopédia
|
| 958 |
|
|
|a NB
|
| 958 |
|
|
|a RM
|
| 958 |
|
|
|a UV
|
| 958 |
|
|
|a OND
|
| 999 |
|
|
|c 965521
|d 967451
|
| 952 |
|
|
|a SNK
|b SNK
|y PREZ
|7 0
|p 17A0791646
|o snkSB 37738/1
|0 0
|1 0
|4 0
|d 2012-04-26
|f 1
|l 0
|r 2025-04-22 00:00:00
|w 2026-02-24
|
| 952 |
|
|
|t P60, <04>, [BOOK], {604}
|a SNK
|b SNK
|y VYP
|7 0
|p 17A0020661
|o snkSB 37738/1 D1
|0 0
|1 0
|4 0
|d 1996-11-14
|l 0
|r 2004-12-31 00:00:00
|w 2026-02-24
|